Score 0/212 Timer 20:00
0 Plays Today
Team Character % Correct
Universal GuardiansNaruto Uzumaki
84.6%
Universal GuardiansAsh Ketchum
73.1%
Universal GuardiansNatsu Dragneel
73.1%
Squad of ExcellenceSakura Haruno
69.2%
Squad of Excellence (H)Sakura Shinguji
69.2%
Universal GuardiansHinata Hyuuga
65.4%
Universal GuardiansMaka Albarn
65.4%
Universal GuardiansSoul Eater Evans
65.4%
Squad of ExcellenceSasuke Uchiha
65.4%
Super Sixth SquadSonic the Hedgehog
65.4%
Universal GuardiansHappy
61.5%
Squad of ExcellenceMonkey D. Luffy
61.5%
Deadly HeartsZoro Roronoa
61.5%
Fairy KnightsNami
61.5%
Universal GuardiansKorra
57.7%
Team RedemptionRobin Nico
57.7%
Squad of ExcellenceIchigo Momomiya
53.8%
Deadly HeartsEdward Elric
53.8%
Deadly HeartsGray Fullbuster
53.8%
Deadly HeartsTaichi Yagami
53.8%
Fairy KnightsErza Scarlet
53.8%
Fairy KnightsKazuto 'Kirito' Kirigaya
53.8%
Super Sixth SquadAlphonse Elric
53.8%
The Mighty Never KneelIzuku Midoriya
53.8%
The Mighty Never KneelLucy Heartfilia
53.8%
Omega ForceRoy
53.8%
Death City SquadDeath the Kid
53.8%
Universal GuardiansDan Kusou
50%
Universal GuardiansLucina
50%
Fairy KnightsAsuna Yuuki
50%
Fairy KnightsMeliodas
50%
Super Sixth SquadChopper Tony Tony
50%
Super Sixth SquadUsopp
50%
Team ExtremeKatsuki Bakugo
50%
Team ExtremeMina Ashido
50%
Death City SquadMina Majikina
50%
Deadly HeartsBlack Star
46.2%
Fairy KnightsRanma Saotome
46.2%
Fairy KnightsVinsmoke Sanji
46.2%
Team RedemptionBan
46.2%
Team RedemptionGaara
46.2%
Team RedemptionMako Mankanshoku
46.2%
Super Sixth SquadGajeel Redfox
46.2%
Death City SquadBrook
46.2%
Dream TeamAlibaba Saluja
46.2%
Dream TeamSai
46.2%
Dream TeamShino Aburame
46.2%
Universal GuardiansGeo Stelar
42.3%
Squad of ExcellenceRogue Cheney
42.3%
Squad of ExcellenceRyuuko Matoi
42.3%
Squad of ExcellenceSting Eucliffe
42.3%
Team Redemption (H)Sabo
42.3%
Super Sixth SquadAmy Rose
42.3%
Super Sixth SquadEscanor
42.3%
Super Sixth SquadMiles 'Tails' Prower
42.3%
Super Sixth SquadPanther Lily
42.3%
The Mighty Never KneelCarla
42.3%
The Mighty Never KneelDiane
42.3%
The Mighty Never KneelKing
42.3%
Flaming HonorRock Lee
42.3%
Flaming HonorElfman Strauss
42.3%
Death City SquadKiba Inuzuka
42.3%
Death City SquadPatricia 'Patty' Thompson
42.3%
Of Guns and MagicAladdin
42.3%
Of Guns and MagicMerlin
42.3%
Dream TeamTenten
42.3%
Full Force GuerillaRukia Kuchiki
42.3%
Universal GuardiansSonia Strumm
38.5%
Squad of ExcellenceAlain
38.5%
Squad of ExcellenceShun Kazami
38.5%
Deadly HeartsTrafalgar D. Water Law
38.5%
Team Character % Correct
Deadly HeartsWinry Rockbell
38.5%
Fairy KnightsJuvia Lockser
38.5%
Team RedemptionCrona
38.5%
Super Sixth SquadGohan Son
38.5%
Super Sixth SquadLevy McGarden
38.5%
The Mighty Never KneelTenya Iida
38.5%
The Mighty Never KneelWendy Marvell
38.5%
Flaming HonorFranky
38.5%
Flaming HonorKnuckles the Echidna
38.5%
Flaming HonorMomo Yaoyorozu
38.5%
Flaming HonorShoto Todoroki
38.5%
Team ExtremeYuri Nakamura
38.5%
Omega ForceGowther
38.5%
Death City SquadElizabeth 'Liz' Thompson
38.5%
Dream TeamKillua Zoldyck
38.5%
Dream TeamGon Freecss
38.5%
Full Force GuerillaChouji Akimichi
38.5%
Full Force GuerillaShikamaru Nara
38.5%
Multiverse's Cutest TeamYuri Tsukikage
38.5%
Squad of Excellence (H)Hsien-Ko
34.6%
Deadly HeartsKagura Mikazuchi
34.6%
Deadly HeartsTsubaki Nakatsukasa
34.6%
Fairy KnightsPit
34.6%
Team RedemptionNonon Jakuzure
34.6%
The Mighty Never KneelNetto Hikari
34.6%
The Mighty Never KneelOchako Uraraka
34.6%
Flaming HonorDenki Kaminari
34.6%
Flaming HonorMirajane Strauss
34.6%
Team ExtremeKanade Tachibana
34.6%
Omega ForceLan Fan
34.6%
Death City SquadEijiro Kirishima
34.6%
Of Guns and MagicClank
34.6%
Of Guns and MagicRatchet
34.6%
Dream TeamMorgiana
34.6%
Full Force GuerillaIno Yamanaka
34.6%
Multiverse's Cutest TeamAmu Hinamori
34.6%
Multiverse's Cutest TeamLettuce Midorikawa
34.6%
Squad of ExcellenceLuna Platz
30.8%
Squad of Excellence (H)Ichiro Ogami
30.8%
Deadly HeartsChouji 'Marucho' Marukura
30.8%
Deadly HeartsFilia
30.8%
Fairy KnightsJenny Wakeman
30.8%
Team RedemptionKevin Levin
30.8%
The Mighty Never KneelTsuyu Asui
30.8%
Flaming HonorLisanna Strauss
30.8%
Team ExtremeMinto Aizawa
30.8%
Omega ForceJinbe
30.8%
Death City SquadRuby Rose
30.8%
Death City SquadShadow the Hedgehog
30.8%
Of Guns and MagicLina Inverse
30.8%
Full Force GuerillaKat
30.8%
Full Force GuerillaRenji Abarai
30.8%
Multiverse's Cutest TeamIllyasviel von Einzbern
30.8%
Multiverse's Cutest TeamNina Sakura
30.8%
Multiverse's Cutest TeamMiyu Edelfelt
30.8%
Multiverse's Cutest TeamTsubomi Hanasaki
30.8%
Team RedemptionSayo
27.3%
Squad of ExcellenceCyrille
27.3%
Team ExtremeNoda
27.3%
Team ExtremeZakuro Fujiwara
27.3%
Squad of Excellence (H)Erica Fontaine
26.9%
Squad of Excellence (H)Gemini Sunrise
26.9%
Team Redemption (H)Hank Hill
26.9%
Team RedemptionIra Gamagoori
26.9%
Team Redemption (H)Koala
26.9%
Team RedemptionSatsuki Kiryuin
26.9%
Team Redemption (H)Seryuu Ubiquitous
26.9%
Team Redemption (H)Spear
26.9%
Team RedemptionYukino Agria
26.9%
Super Sixth SquadJibanyan
26.9%
The Mighty Never KneelFumikage Tokoyami
26.9%
Team Character % Correct
Flaming HonorKyouka Jirou
26.9%
Team ExtremeCana Alberona
26.9%
Omega ForceGreninja
26.9%
Omega ForceLing Yao
26.9%
Omega ForceTouka Toudou
26.9%
Death City Squad (H)Blake Belladonna
26.9%
Death City Squad (H)Weiss Schnee
26.9%
Of Guns and MagicAria Holmes Kanzaki
26.9%
Of Guns and MagicIsaac Clarke
26.9%
Dream TeamCerebella & Vice-Versa
26.9%
Dream TeamMedaka Kurokami
26.9%
Dream TeamVector the Crocodile
26.9%
Multiverse's Cutest TeamErika Kurumi
26.9%
Multiverse's Cutest TeamItsuki Myoudouin
26.9%
Multiverse's Cutest Team (H)Hibari Hanakoganei
26.9%
Multiverse's Cutest Team (H)Kaoru Matsubara
25%
Flaming Honor (H)Kazuichi Souda
23.1%
Team ExtremeHouka Inumuta
23.1%
Team ExtremeKouseke Ueki
23.1%
Team ExtremeTravis Touchdown
23.1%
Team ExtremeUzu Sanageyama
23.1%
Omega ForceBu-Ling Huang
23.1%
Omega ForceMillianna
23.1%
Death City Squad (H)Alisa Ilinichina Amiella
23.1%
Death City SquadCarol
23.1%
Death City Squad (H)Ciel Alencon
23.1%
Death City Squad (H)Nana Kozuki
23.1%
Death City Squad (H)Yang Xiao Long
23.1%
Of Guns and MagicLyon Vastia
23.1%
Of Guns and MagicMaya Jingu
23.1%
Of Guns and MagicRio Kinezono
23.1%
Of Guns and MagicTrain Heartnet
23.1%
Full Force GuerillaAlice Tsukagami
23.1%
Full Force GuerillaAyase Ayatsuji
23.1%
Full Force GuerillaFlash Thompson
23.1%
Full Force GuerillaKazeyoshi Imai
23.1%
Multiverse's Cutest TeamHikari Yagami
23.1%
Multiverse's Cutest Team (H)Miyako Gotokuji
23.1%
Omega ForceSanosuke Sagara
19.2%
Death City SquadAkamaru
19.2%
Deadly HeartsShinpachi Shimura
18.2%
Fairy KnightsRika 'Lisbeth' Shinozaki
18.2%
Fairy KnightsSuguha 'Leafa' Kirigaya
18.2%
Team RedemptionIeyasu
18.2%
Omega ForceKenichi Shirahama
18.2%
Death City SquadMata
18.2%
Of Guns and MagicPerrine H. Clostermann
18.2%
Dream TeamRed
18.2%
Dream TeamUryuu Ishida
18.2%
Full Force GuerillaHaru Glory
18.2%
Squad of ExcellenceToma
18.2%
The Mighty Never KneelYuuga Aoyama
18.2%
Flaming HonorTooru Hagakure
18.2%
Omega ForceLilina
18.2%
Full Force GuerillaElie
18.2%
Multiverse's Cutest TeamMeguru Amatsuki
18.2%
Multiverse's Cutest TeamSumire Kisaragi
18.2%
Flaming HonorMashirao Ojiro
9.1%
Full Force Guerilla (H)Cleveland
0%
Full Force Guerilla (H)Columbia
0%
Full Force Guerilla (H)Denver
0%
Full Force Guerilla (H)Montpelier
0%
Flaming Honor (H)Hanta Sero
0%
Flaming Honor (H)Kouji Kouda
0%
Flaming Honor (H)Mezou Shouji
0%
Flaming Honor (H)Minoru Mineta
0%
Flaming Honor (H)Rikidou Satou
0%
Team Redemption (H)Neji Hyuuga
0%
Team Redemption (H)Rena Ryuuguu
0%
Team Redemption (H)Scar
0%
Remove Ads.
Support Sporcle.
Get the best of Sporcle when you Go Orange. This ad-free experience offers more features, more stats, and more fun while also helping to support Sporcle. Thank you for becoming a member.

You're not logged in!

Compare scores with friends on all Sporcle quizzes.
OR
Log In

Show Comments

Extras

Top Quizzes Today


Score Distribution

Your Account Isn't Verified!

In order to create a playlist on Sporcle, you need to verify the email address you used during registration. Go to your Sporcle Settings to finish the process.

Report this User

Report this user for behavior that violates our Community Guidelines.

Details: